• 首页
  • 本馆介绍
  • 公告通知
  • 最新文献
  • 馆藏检索
  • 电子资源
  • 读者导购
  • 参考咨询
  • 我的图书馆
  • 登录
  • 详细信息显示
  • 放入我的书架
  • 预约/预借图书
  • 作者相关作品
  • 分类相关作品
  • 丛书相关作品
  • 出版社相关作品

书目信息

  • 表格格式
  • 工作单格式
  • 卡片格式
题名:
明代士大夫的精神世界
    
 
作者: 陈宝良 著
分册:  
出版信息: 北京   北京师范大学出版社  2017
页数: 583页
开本: 23cm
丛书名: 中华学人丛书
单 册:
中图分类: D691.71
科图分类:
主题词: 知识分子--研究--中国--明代
电子资源:
ISBN: 978-7-303-21310-8
000 00908oam2 2200253 450
001 012001000051
005 20140920091301.0
010    @a978-7-303-21310-8@dCNY85.00
100    @a20170215d2017 em y0chiy50 ea
101 0  @achi
102    @aCN@b110000
105    @ay z 000yy
106    @ar
200 1  @a明代士大夫的精神世界@9Ming Dai Shi Dai Fu De Jing Shen Shi Jie@f陈宝良著
210    @a北京@c北京师范大学出版社@d2017
215    @a583页@d23cm
225 1  @a中华学人丛书
330    @a本书从君子、小人之辨,出处、仕隐的困惑,忠孝节义的两难困境,生与死的抉择,雅俗之辨及其互动等多个视角,通过思想与社会交互为用的研究方法,亦即从历史与社会的脉络中去阐释明代士大夫的知识与行动。
461  0 @12001 @a中华学人丛书
606 0  @a知识分子@x研究@y中国@z明代
690    @aD691.71@v5
701  0 @a陈宝良@9Chen Bao Liang@f(1963- )@4著
801  0 @aCN@b上海新华@c20180901
905    @b1040245-49@dD691.71@e254@f5
    
    明代士大夫的精神世界/陈宝良著.-北京:北京师范大学出版社,2017
    583页;23cm.-(中华学人丛书)
    
    
    ISBN 978-7-303-21310-8:CNY85.00
    本书从君子、小人之辨,出处、仕隐的困惑,忠孝节义的两难困境,生与死的抉择,雅俗之辨及其互动等多个视角,通过思想与社会交互为用的研究方法,亦即从历史与社会的脉络中去阐释明代士大夫的知识与行动。
●
相关链接 在E读中查询图书 在五车中查询图书 在当当中查询图书 在豆瓣中查询图书


正题名:明代士大夫的精神世界     索取号:D691.71/254         预约/预借

序号 登录号 条形码 馆藏地/架位号 状态 备注
1 1040245   210402456   第一样本阅览室/ [索取号:D691.71/254] 在馆    
2 1040246   210402465   第一借阅区/ [索取号:D691.71/254] 在馆    
3 1040247   210402474   第一借阅区/ [索取号:D691.71/254] 在馆    
4 1040248   210402483   密集书库-史法系/ [索取号:D691.71/254] 在馆    
5 1040249   210402492   第一借阅区/ [索取号:D691.71/254] 在馆    
唐山师范学院图书馆 欢迎您!
大连网信软件有限公司© 版权所有